01579nam a22001937a 450000500170000000800410001702000180005804000070007604100120008308200210009510000170011624500630013326000410019630000250023752010400026265000320130265000320133470000190136620241113154533.0240801b ||||| |||| 00| 0 eng d a9788195680764 cAL aEnglish 223a378.04bPAIE aWilliam Pais aEchoes of the Corridors: A Portrait of St Aloysius College aMangalorebAloysius Prakashanac2023 a239 p.bHBc30x30cm. aThe book takes readers on a nostalgic journey through time, recounting the remarkable milestones and epoch-making developments that have shaped the college's illustrious history. Each page is adorned with a collection of carefully curated photographs, immortalizing the bygone era and evoking cherished memories for all who have walked the corridors of St Aloysius College. The descriptive text accompanying the photographs weaves a compelling narrative, painting a vivid picture of the college's evolution and growth. It presents an insightful account of the institution's profound impact on its students, faculty, and the community at large. 'Echoes of the Corridor' is more than a coffee table book; it is a celebration of the enduring spirit of St Aloysius College, a testament to its rich heritage, and a tribute to the countless lives it has touched. With its exceptional quality and content, it leaves a lasting impression on all who turn its pages, leaving them with a renewed sense of pride and nostalgia for their alma mater. aSt Aloysius College History a South Kanara/ South Canara aPAIS (William)